Loading...

Major Social Problems

Bibliographic Details
Main Author: Raab, Earl and Selznick Jaeger
Other Authors: Selznick Jaeger
Format: Printed Book
Language:Undetermined
Published: New York: Happer & Row, 1964
Edition:2 Edition
Subjects:
LEADER 00561nam a2200181Ia 4500
008 200110s9999||||xx |||||||||||||| ||und||
080 |a 360  |b RAA-M 
100 |a Raab, Earl and Selznick Jaeger  
245 0 |a Major Social Problems 
250 |a 2 Edition 
260 |a New York:  |b Happer & Row,   |c 1964 
300 |a 594 p.  |f HB 
500 |a General 
650 |a Major Social Problems  
700 |a  Selznick Jaeger 
942 |c BK 
999 |c 256060  |d 256060 
952 |0 0  |1 0  |4 0  |6 360_000000000000000_RAAM  |7 0  |9 271984  |a SOC  |b SOC  |l 0  |o 360 RAA-M  |p SOC573  |r 2020-01-14  |w 2020-01-14  |y BK